Kleppner's advertising procedure (Record no. 48656)

MARC details
000 -LEADER
fixed length control field 00648nam a2200181 a 4500
008 - FIXED-LENGTH DATA ELEMENTS--GENERAL INFORMATION
fixed length control field 151022s2002 ||||||||||||||||| || u
020 ## - INTERNATIONAL STANDARD BOOK NUMBER
International Standard Book Number 9780130328779
050 ## - LIBRARY OF CONGRESS CALL NUMBER
Classification number HF 5823 Rus
100 ## - MAIN ENTRY--PERSONAL NAME
Personal name Lane, W. Ronald
245 10 - TITLE STATEMENT
Title Kleppner's advertising procedure
Statement of responsibility, etc. By J. Thomas Russell [and] W. Ronald Lane
250 ## - EDITION STATEMENT
Edition statement 15th ed.
260 ## - PUBLICATION, DISTRIBUTION, ETC.
Place of publication, distribution, etc. New Jersey:
Name of publisher, distributor, etc. Prentice Hall
Date of publication, distribution, etc. 2002
300 ## - PHYSICAL DESCRIPTION
Extent xix, 697p.: ill.
350 ## - PRICE (NR) (BK AM CF MU VM SE) [OBSOLETE]
Price 0.09
650 #0 - SUBJECT ADDED ENTRY--TOPICAL TERM
Topical term or geographic name entry element ADVERTISING
700 ## - ADDED ENTRY--PERSONAL NAME
Personal name Russell, J. Thomas
995 ## - RECOMMENDATION 995 [LOCAL, UNIMARC FRANCE]
-- CBU-MAIN LIBRARY (Kitwe)
-- 0.09
-- 1
-- AVAILABLE
-- Nov 16, 2015
-- Main Library Open Access Collection
Holdings
Withdrawn status Lost status Source of classification or shelving scheme Damaged status Not for loan Home library Current library Shelving location Date acquired Total Checkouts Full call number Barcode Date last seen Price effective from Koha item type
          CBU-MAIN LIBRARY, KITWE. CBU-MAIN LIBRARY, KITWE.   11/30/2022   HF 5823 Rus 745876 11/30/2022 11/30/2022 MONOGRAPH